Lengua 3 /
Guardado en:
| Autor Principal: | |
|---|---|
| Formato: | Libro |
| Publicado: |
Buenos Aires :
Kapelusz,
1995
|
| Series: | Horizonte
|
| Materias: | |
| Etiquetas: |
Agregar Etiqueta
Sin Etiquetas, Sea el primero en etiquetar este registro!
|
| LEADER | 02329nam a22002415a 4500 | ||
|---|---|---|---|
| 001 | CEM.cems009237 | ||
| 005 | 20090416075919.0 | ||
| 008 | 130507s1995##################000#0#####d | ||
| 003 | CEMS | ||
| 020 | |a 9501320847 | ||
| 082 | 0 | 4 | |a 468 |
| 100 | 1 | |a Zerbi de Troisi, María R. | |
| 245 | 1 | 0 | |a Lengua 3 / |c María R. Zerbi de Troisi |
| 260 | |a Buenos Aires : |b Kapelusz, |c 1995 | ||
| 300 | |a 151 p. | ||
| 490 | 0 | |a Horizonte | |
| 500 | |a Para tercer año de las escuelas de nivel medio | ||
| 505 | 0 | |a Texturas narrativas -- Cuentos -- Crónicas periodísticas -- Trama -- Episodio -- Suceso -- Marco -- Historia y discurso -- Resumen -- Narrador -- Tiempo de la narración -- Modos discursivos -- La transtextualidad -- Competencias linguísticas, discursivas e ideológico-culturales del lector -- Relaciones de transtextualidad en la literatura -- Una forma de transtextualidad: la parodia -- La ironía como hecho connotativo -- Texturas líricas: el poema -- Una forma oriental de poesía: el haiku -- Métrica -- Verso -- Medida -- Sinalefa -- Hiato -- Diérisis -- Recursos literarios o figuras retóricas -- El poema y su contexto -- Poemas de Nicolás Guillén y Pablo Neruda -- Texturas argumentativas -- Organizadores discursivos -- Estrategias argumentativas -- Conectores -- Origen y formación de la lengua castellana -- El castellano en la Argentina - Información -- Problemas en el nivel gráfico, en la tildación de las palabras y en el uso de las grafías -- Signos de puntuación, entonación y auxiliares -- Uso de las mayúsculas -- La conexión -- Principales formas de coordinación: copulativa, disyuntiva y adversativa -- Conectores -- Cuasi-conectores -- Matizadores y reforzadores -- Conectores discursivos -- Subordinación -- Proposiciones subordinadas, adjetivas y sustantivas -- Estilo directo -- Estilo indirecto -- Uso correcto de de que -- Subordinación -- Proposiciones adverviales de tiempo, de lugar, de modo, concesivas, condicionales y consecutivas -- El verbo -- Problemas en el uso del verbo -- Verbos irregulares -- Verbos defectivos -- Pasiva cuasi-refleja -- Uso correcto del gerundio -- Frase verbal | |
| 653 | |a Lengua | ||
| 653 | |a Lengua-egb | ||
| 653 | |a Lengua-educación secundaria | ||
| 653 | |a Lengua-3er. año | ||
| 859 | |a CEMS |b BIB. CEMS - 11 de abril |h 468 |i Z5 |p 18815.96 |t Ej.1 |v III |3 III | ||
